1493 1660 1285 1184 1368 1384 1433 1484 1343 1479 1584 1325 1157 1655 1840 1880 1536 1999 1775 1105 1493 1432 1751 1897 1295 1214 1629 1267 1909 1741 1623 1081 1161 1981 1261 1078 1574 1681 1426 1420 1955 1601 1173 1369 1789 1831 1731 1571 1993 1828 1638 1007 1416 1537 1266 1564 1591 1804 1032 1847 1281 1233 1590 1905 1356 1836 1638 1206 1532 1896 1700 1019 1624 1054 1995 1477 1578 1288 1514 1750 1925 1865 1428 1616 1814 1759 1971 1805 1601 1250 1760 1871 1436 1506 1352 1822 1841 1839 1757 BCNSPRNW ULIB Ver.6.0+V

เปลี่ยนเป็นภาษาไทย

Change to English
 แสดงรายละเอียดบรรณานุกรม
  กลับหน้าหลัก

Brief Record : Get Marc (ISO 2709) : E-mail record : QR code < ปิดหน้าต่าง
LEADER : 00000nam 2200000uu 4500
001    13399113226
003     ULIB
008    111003s2548||||th 000 0 tha d
020    9744725117
050 04 QD33^bR111ค 2548
100 1  ไรอัน, ลอว์รี
245 10 เคมี /^cLawrie Ryan ; แปล: จินดา อุดชาชน ... [และคนอื่นๆ]
250    พิมพ์ครั้งที่ 6
260    กรุงเทพฯ :^bนานมีบุ๊คส์พับลิเคชั่นส์,^c2548
300    352 หน้า :^bภาพประกอบ
500    หนังสือเสริมเพื่อการเรียนวิทยาศาสตร์ระดับมัธยมศึกษาหลักสูตรแห่งชาติระดับมัธยมศึกษา (GCSE) ของประเทศอังกฤษ
650  7 เคมี
700 00 จินดา อุดชาชน,^eแปล
945    ^p450^l0^i023061
945    ^p450^l0^i023216
995    ทศพร
999 ^a ทศพร
รายการนี้ยังไม่มีแท็ก
คุณยังไม่ได้ล็อกอิน คุณสามารถมีกิจกรรมร่วมกับเว็บไซต์ได้ แต่ต้องล็อกอินก่อน ::
  ล็อกอิน

รายการสื่อสารสนเทศ

ลำดับที่ ประเภท เลขเรียก/บาร์โค้ด สถานที่ สถานะ
- ไม่พบข้อมูล -

รายการใกล้เคียง
    ผู้แต่ง [ไรอัน, ลอว์รี]

    หัวเรื่อง [เคมี]

BibComment


ยังไม่เคยถูกคอมเมนท์

คอมเมนท์ทรัพยากรรายการนี้
  คอมเมนท์: เคมี Lawrie Ryan..


 Copyright 2026. Bcnsprnw @Library